[Event "Olimpiade 2014 - Open"]
[Site "Tromsø"]
[Date "03.08.2014"]
[Round "2.24"]
[Board "1"]
[White "Meier, Peter"]
[Black "Lupulescu, Constantin"]
[Result "1/2-1/2"]
[BlackTitle "GM"]
[WhiteElo "2039"]
[BlackElo "2625"]
[WhiteTeam "Seychelles"]
[BlackTeam "Romania"]
[WhiteFideId "9800158"]
[BlackFideId "1207822"]
[EventDate "2014.08.02"]

1. d4 Nf6 2. c4 e6 3. Nf3 c5 4. d5 d6 5. Nc3 exd5 6. cxd5 g6 7. e4 a6 8. a4 Bg4
9. Bd3 Bg7 10. Bf4 O-O 11. h3 Bxf3 12. Qxf3 Ne8 13. O-O Nd7 14. Qg3 Ne5 15. Be2
Nc7 16. Rab1 Qd7 17. b4 c4 18. Bd2 f5 19. f4 Nf7 20. exf5 Qxf5 21. Bxc4 Nh6 22.
Rbe1 Qd7 23. Qd3 Nf5 24. Re4 h5 25. Rfe1 h4 26. Re6 Kh7 27. Ne4 b5 28. Ng5+ Kh6
29. Ba2 bxa4 30. Bb1 Nxe6 31. Rxe6 Rae8 32. Qe2 Rxe6 33. dxe6 Qa7+ 34. Kh2 Ng3
35. Qg4 Nf1+ 36. Kh1 Ng3+ 37. Kh2 Nf1+ 38. Kh1 Ng3+ 1/2-1/2

[Event "Olimpiade 2014 - Open"]
[Site "Tromsø"]
[Date "03.08.2014"]
[Round "2.24"]
[Board "2"]
[White "Parligras, Mircea-Emilian"]
[Black "Meier, Kurt"]
[Result "1-0"]
[WhiteTitle "GM"]
[BlackTitle "CM"]
[WhiteElo "2574"]
[BlackElo "1944"]
[WhiteTeam "Romania"]
[BlackTeam "Seychelles"]
[WhiteFideId "1204297"]
[BlackFideId "1307398"]
[EventDate "2014.08.02"]

1. e4 c5 2. Nf3 d6 3. d4 cxd4 4. Nxd4 Nf6 5. Nc3 Nc6 6. Bc4 e5 7. Nde2 Be6 8.
Bb3 Be7 9. Bg5 Bxb3 10. axb3 a6 11. O-O O-O 12. Bxf6 Bxf6 13. Nd5 g6 14. Qd3 Bg7
15. c3 Rc8 16. b4 f5 17. f3 fxe4 18. Qxe4 Rf7 19. Rad1 Ne7 20. Nxe7+ Qxe7 21.
Qd5 Rc6 22. Ng3 Kh8 23. Ne4 Bf8 24. Rd3 Rf5 25. Rfd1 Qe8 26. b5 axb5 27. Qxb5
Qb8 28. Kh1 Qc7 29. Rd5 Be7 30. Qd3 Qb6 31. Rd2 Rf8 32. h3 Ra8 33. b4 Ra1+ 34.
Rd1 Rxd1+ 35. Qxd1 Qe3 36. Rd3 Qb6 37. Qb3 Kg7 38. Qe6 Kf8 39. f4 exf4 40. Rf3
g5 41. Nxg5 Bxg5 42. Qf5+ Ke8 43. Qxg5 Qa6 44. Rxf4 Qa1+ 45. Kh2 Qxc3 46. Qg8+ 1-0

[Event "Olimpiade 2014 - Open"]
[Site "Tromsø"]
[Date "03.08.2014"]
[Round "2.24"]
[Board "3"]
[White "Pillay, Ragul"]
[Black "Jianu, Vlad-Cristian"]
[Result "0-1"]
[BlackTitle "GM"]
[WhiteElo "1312"]
[BlackElo "2579"]
[WhiteTeam "Seychelles"]
[BlackTeam "Romania"]
[WhiteFideId "9800174"]
[BlackFideId "1208110"]
[EventDate "2014.08.02"]

1. d4 Nf6 2. c4 c5 3. d5 b5 4. Nc3 b4 5. Na4 e6 6. Bg5 d6 7. e4 Be7 8. Bd3 O-O
9. Qe2 exd5 10. exd5 Re8 11. Be3 Ng4 12. Nf3 Bf6 13. O-O Nxe3 14. fxe3 Bd7 15.
Qc2 h6 16. Rae1 Bxa4 17. Qxa4 Bxb2 18. Re2 Bc3 19. a3 Nd7 20. axb4 cxb4 21. Qc6
Nc5 22. Bf5 Rb8 23. Rc1 Rb6 24. Rd1 Rxc6 25. dxc6 Qc7 26. Nd4 Bxd4 27. Rxd4 g6
28. Bc2 Qxc6 29. Rf4 b3 30. Bb1 a5 31. Ref2 Rxe3 32. Bxg6 Re1+ 0-1

[Event "Olimpiade 2014 - Open"]
[Site "Tromsø"]
[Date "03.08.2014"]
[Round "2.24"]
[Board "4"]
[White "Nevednichy, Vladislav"]
[Black "Hoareau, Benjamin"]
[Result "1-0"]
[WhiteTitle "GM"]
[WhiteElo "2554"]
[BlackElo "1875"]
[WhiteTeam "Romania"]
[BlackTeam "Seychelles"]
[WhiteFideId "1205730"]
[BlackFideId "9800069"]
[EventDate "2014.08.02"]

1. c4 f5 2. g3 e5 3. Bg2 Bc5 4. Nc3 Nf6 5. d3 Ng4 6. e3 c6 7. d4 Bb4 8. Ne2 Qe7
9. h3 Nf6 10. dxe5 Qxe5 11. O-O O-O 12. Qc2 d6 13. b3 Ne4 14. Nxe4 fxe4 15. Bb2
Qh5 16. Nf4 Qh6 17. h4 Nd7 18. a3 Ba5 19. Qxe4 Nc5 20. Qc2 Bc7 21. b4 Ne6 22.
Nh3 a5 23. Rad1 axb4 24. axb4 Ra2 25. Qb3 Rxb2 26. Qxb2 g5 27. Nxg5 Nxg5 28.
hxg5 Qxg5 29. Rd4 Qg7 30. Qd2 Rf5 31. Ra1 c5 32. Ra8 Rf8 33. Rf4 Rd8 34. Bd5+
Kh8 35. Rf7 Qg6 36. Qb2+ Kg8 37. Rd7+ 1-0

[Event "Olimpiade 2014 - Open"]
[Site "Tromsø"]
[Date "03.08.2014"]
[Round "2.26"]
[Board "3"]
[White "Sasikiran, Krishnan"]
[Black "Gerzhoy, Leonid"]
[Result "1-0"]
[WhiteTitle "GM"]
[BlackTitle "IM"]
[WhiteElo "2669"]
[BlackElo "2473"]
[WhiteTeam "India"]
[BlackTeam "Canada"]
[WhiteFideId "5004985"]
[BlackFideId "2806126"]
[EventDate "2014.08.02"]

1. d4 Nf6 2. c4 g6 3. Nc3 Bg7 4. e4 d6 5. f3 O-O 6. Be3 e5 7. Nge2 c6 8. Qd2
Nbd7 9. d5 cxd5 10. cxd5 a6 11. g4 h5 12. h3 Nh7 13. Rg1 h4 14. Nc1 Bf6 15. g5
Be7 16. Nd3 f6 17. gxf6 Rxf6 18. Be2 Ndf8 19. f4 exf4 20. Nxf4 g5 21. O-O-O Rf7
22. Kb1 Rg7 23. Nh5 Rf7 24. e5 Bf5+ 25. Bd3 Bg6 26. e6 Rf3 27. Nf4 Bxd3+ 28.
Qxd3 Qe8 29. Qe4 Rg3 30. Rxg3 hxg3 31. Nfe2 Rc8 32. Nxg3 b5 33. Nf5 Rc4 34. Bd4
Nf6 35. Bxf6 Rxe4 36. Nxe4 Qh5 37. Nxe7+ Kh7 38. Nxg5+ Kh6 39. Rg1 Qe2 40. Nf7+
Kh5 41. Rg5+ Kh4 42. Rg2+ 1-0

[Event "Olimpiade 2014 - Open"]
[Site "Tromsø"]
[Date "03.08.2014"]
[Round "2.27"]
[Board "1"]
[White "Amin, Bassem"]
[Black "Saric, Ivan"]
[Result "0-1"]
[WhiteTitle "GM"]
[BlackTitle "GM"]
[WhiteElo "2627"]
[BlackElo "2671"]
[WhiteTeam "Egypt"]
[BlackTeam "Croatia"]
[WhiteFideId "10601457"]
[BlackFideId "14508150"]
[EventDate "2014.08.02"]

1. Nf3 d5 2. g3 g6 3. Bg2 Bg7 4. O-O e5 5. d3 Nc6 6. c4 dxc4 7. dxc4 Qxd1 8.
Rxd1 Be6 9. Na3 h6 10. Be3 a6 11. Nd2 Nge7 12. Nb3 Rd8 13. Rxd8+ Nxd8 14. Rd1 f5
15. Nc5 Bc8 16. Nc2 b6 17. Nb3 Ndc6 18. a4 Be6 19. Bd5 Kf7 20. Bxe6+ Kxe6 21.
Bc1 g5 22. Ne3 Rd8 23. Rxd8 Nxd8 24. a5 Ndc6 25. axb6 cxb6 26. Nc2 a5 27. Nd2 e4
28. b3 Nd4 29. Nxd4+ Bxd4 30. Nb1 Nc6 31. Na3 Bc5 32. Nc2 Ne5 33. Bb2 Nd3 34.
exd3 exd3 35. Kf1 dxc2 36. h3 g4 37. hxg4 fxg4 38. Ke2 Kf5 39. Bc1 Ke4 40. Bb2
h5 41. Bc1 Be7 42. Kd2 Bg5+ 0-1

[Event "Olimpiade 2014 - Open"]
[Site "Tromsø"]
[Date "03.08.2014"]
[Round "2.27"]
[Board "2"]
[White "Stevic, Hrvoje"]
[Black "Shoker, Samy"]
[Result "1-0"]
[WhiteTitle "GM"]
[BlackTitle "IM"]
[WhiteElo "2606"]
[BlackElo "2487"]
[WhiteTeam "Croatia"]
[BlackTeam "Egypt"]
[WhiteFideId "14502569"]
[BlackFideId "627143"]
[EventDate "2014.08.02"]

1. e4 g6 2. d4 Bg7 3. Nc3 d6 4. Nf3 Nf6 5. Be2 O-O 6. O-O Bg4 7. Be3 Nc6 8. d5
Bxf3 9. Bxf3 Ne5 10. Be2 c6 11. f4 Ned7 12. dxc6 bxc6 13. Qe1 Rb8 14. b3 Qc7 15.
Rd1 Rfe8 16. Bf3 e5 17. Qd2 exf4 18. Bxf4 Ne5 19. Bxe5 dxe5 20. Na4 Bf8 21. Qe3
Rbd8 22. c3 Kg7 23. g3 Qe7 24. Rc1 Rd7 25. Rc2 Red8 26. Rcf2 h5 27. b4 Qe6 28.
Nc5 Bxc5 29. Qxc5 h4 30. Qe3 hxg3 31. hxg3 Rh8 32. Qg5 Qh3 33. Qxe5 Re8 34.
Qxf6+ 1-0

[Event "Olimpiade 2014 - Open"]
[Site "Tromsø"]
[Date "03.08.2014"]
[Round "2.27"]
[Board "3"]
[White "Ezat, Mohamed"]
[Black "Kozul, Zdenko"]
[Result "1/2-1/2"]
[WhiteTitle "IM"]
[BlackTitle "GM"]
[WhiteElo "2466"]
[BlackElo "2608"]
[WhiteTeam "Egypt"]
[BlackTeam "Croatia"]
[WhiteFideId "10600906"]
[BlackFideId "14502879"]
[EventDate "2014.08.02"]

1. d4 Nf6 2. Nf3 g6 3. Nbd2 d5 4. e3 c6 5. c4 Bg4 6. cxd5 cxd5 7. Qb3 Bc8 8.
Bb5+ Nbd7 9. Ne5 e6 10. Ndf3 Bd6 11. Bd2 Qe7 12. a3 O-O 13. Rc1 Nb6 14. O-O a5
15. Bd3 Nbd7 16. Bb5 Rd8 17. Rc2 Ne4 18. Bxd7 Bxd7 19. Qxb7 Ba4 20. Qxe7 Bxe7
21. Rc7 Bd6 22. Rb7 Rdb8 23. Rxb8+ Rxb8 24. Bxa5 Rxb2 25. Bb4 Bb5 26. Ra1 f6 27.
Bxd6 Nxd6 28. a4 Ba6 29. Nd7 Ne4 30. a5 Kf7 31. h3 Ke7 32. Nb6 Kd6 33. Na4 Rc2
34. Rb1 Kc7 35. Rb6 Bc8 36. Rb1 Rxf2 37. Rc1+ Kd8 38. Ne1 Ra2 39. Nc5 Rxa5 40.
Ned3 Ra3 41. Nxe4 dxe4 42. Nc5 Rxe3 43. Kf2 Ra3 44. Nxe4 Ra2+ 45. Ke3 Rxg2 46.
Nxf6 Rg3+ 47. Kf4 Rxh3 48. Ke5 h6 49. Ng8 h5 50. Rf1 Ra3 51. Rf8+ Kc7 52. Rf7+
Kb6 53. Ne7 Bb7 54. Nxg6 Ra5+ 55. Kf6 Be4 56. Re7 Rf5+ 57. Kxe6 Rf2 58. Ke5 Bxg6
59. Kd5 1/2-1/2

[Event "Olimpiade 2014 - Open"]
[Site "Tromsø"]
[Date "03.08.2014"]
[Round "2.27"]
[Board "4"]
[White "Zelcic, Robert"]
[Black "Adly, Ahmed"]
[Result "1/2-1/2"]
[WhiteTitle "GM"]
[BlackTitle "GM"]
[WhiteElo "2548"]
[BlackElo "2589"]
[WhiteTeam "Croatia"]
[BlackTeam "Egypt"]
[WhiteFideId "14500310"]
[BlackFideId "10601619"]
[EventDate "2014.08.02"]

1. e4 c6 2. d4 d5 3. Nc3 dxe4 4. Nxe4 Nd7 5. Nf3 Ndf6 6. Nxf6+ Nxf6 7. Bc4 Bf5
8. O-O e6 9. Bf4 Be7 10. c3 O-O 11. Re1 Qb6 12. Qb3 Nd5 13. Bg3 Rad8 14. Nh4 Bg4
15. h3 Bh5 16. Nf5 Bf6 17. Ne3 Nxe3 18. Rxe3 Rd7 19. Qxb6 axb6 20. Be2 Bg6 21.
Bf3 Ra8 22. a3 b5 23. Ree1 h6 24. Bf4 Bd3 25. Rac1 Bc4 26. Rcd1 Bd5 27. Bxd5
Rxd5 28. Rd2 Kf8 29. Rde2 Ke7 30. Be5 Bxe5 31. Rxe5 1/2-1/2

[Event "Olimpiade 2014 - Open"]
[Site "Tromsø"]
[Date "03.08.2014"]
[Round "2.28"]
[Board "2"]
[White "Borisek, Jure"]
[Black "Moradiabadi, Elshan"]
[Result "1-0"]
[WhiteTitle "GM"]
[BlackTitle "GM"]
[WhiteElo "2569"]
[BlackElo "2598"]
[WhiteTeam "Slovenia"]
[BlackTeam "Iran"]
[WhiteFideId "14603152"]
[BlackFideId "12501255"]
[EventDate "2014.08.02"]

1. e4 e5 2. Nf3 Nc6 3. Bb5 Nf6 4. d3 Bc5 5. c3 O-O 6. O-O d6 7. Bg5 Bb6 8. Nbd2
Bd7 9. a4 a6 10. Bc4 Be6 11. b4 Qe7 12. Re1 h6 13. Bh4 g5 14. Bg3 Nd7 15. Qb3
Rae8 16. a5 Ba7 17. b5 Nc5 18. Qb1 Bxc4 19. Nxc4 axb5 20. Ne3 Qd7 21. Qxb5 Ne7
22. Qc4 Qe6 23. d4 Qxc4 24. Nxc4 exd4 25. cxd4 Ne6 26. Rab1 Nd8 27. d5 Bc5 28.
e5 dxe5 29. Nfxe5 Nxd5 30. Nd7 Bb4 31. Rxe8 Rxe8 32. Ne3 Rxe3 33. fxe3 c5 34.
Rd1 1-0

[Event "Olimpiade 2014 - Open"]
[Site "Tromsø"]
[Date "03.08.2014"]
[Round "2.28"]
[Board "3"]
[White "Idani, Pouya"]
[Black "Sebenik, Matej"]
[Result "1-0"]
[WhiteTitle "IM"]
[BlackTitle "GM"]
[WhiteElo "2499"]
[BlackElo "2537"]
[WhiteTeam "Iran"]
[BlackTeam "Slovenia"]
[WhiteFideId "12510130"]
[BlackFideId "14602296"]
[EventDate "2014.08.02"]

1. e4 c5 2. Nf3 d6 3. Bb5+ Bd7 4. c4 Nf6 5. Nc3 Nc6 6. d4 cxd4 7. Nxd4 g6 8. Be3
Bg7 9. h3 O-O 10. O-O Nxd4 11. Bxd7 Nf3+ 12. Qxf3 Nxd7 13. Bd2 a6 14. Rab1 b5
15. Qe2 bxc4 16. Qxc4 Qc8 17. Qe2 Qb7 18. Rfd1 Rfc8 19. Bg5 Nb6 20. Be3 Rab8 21.
Bd4 Bxd4 22. Rxd4 Rc5 23. Rbd1 Rbc8 24. Rb4 Rc4 25. Rd4 Rxd4 26. Rxd4 Rc5 27.
Qc2 Nc4 28. Na4 Na3 29. Qd1 Rc2 30. bxa3 Qc7 31. Qd3 Rxa2 32. Rc4 Qb8 33. Qc3
Qb1+ 34. Kh2 f6 35. Rc7 Kf8 36. Qe3 Ra1 37. Qh6+ Ke8 38. Qxh7 Qg1+ 39. Kg3 Rxa3+
40. Nc3 1-0

[Event "Olimpiade 2014 - Open"]
[Site "Tromsø"]
[Date "03.08.2014"]
[Round "2.28"]
[Board "4"]
[White "Tratar, Marko"]
[Black "Golizadeh, Asghar"]
[Result "1/2-1/2"]
[WhiteTitle "GM"]
[BlackTitle "GM"]
[WhiteElo "2490"]
[BlackElo "2490"]
[WhiteTeam "Slovenia"]
[BlackTeam "Iran"]
[WhiteFideId "14600684"]
[BlackFideId "12505269"]
[EventDate "2014.08.02"]

1. c4 c5 2. g3 Nc6 3. Bg2 g6 4. Nc3 Bg7 5. d3 e6 6. e4 Nge7 7. Nge2 d6 8. O-O
O-O 9. Be3 Nd4 10. Qd2 Rb8 11. Bh6 Nec6 12. Bxg7 Kxg7 13. b3 Bd7 14. f4 a6 15.
Nxd4 Nxd4 16. Ne2 Qf6 17. Nxd4 Qxd4+ 18. Qf2 Qxf2+ 19. Kxf2 Bc6 20. Ke3 b5 21.
Rf2 Rfd8 22. Rc1 b4 23. d4 cxd4+ 24. Kxd4 a5 25. Ke3 Kf8 26. Rd1 Ke7 27. e5 Bxg2
28. exd6+ Rxd6 29. Rxd6 Kxd6 30. Rxg2 f6 31. Rd2+ Kc6 32. Ke4 h5 33. h3 Ra8 34.
g4 hxg4 35. hxg4 a4 36. Rh2 axb3 37. axb3 Ra1 38. Rh6 f5+ 39. Ke5 Re1+ 40. Kf6
fxg4 41. Rxg6 Re3 42. Rxg4 Rxb3 43. Kxe6 Re3+ 44. Kf6 b3 45. Rg8 Kc7 46. Rg7+
Kc6 47. Rg8 Kc7 48. Rg7+ 1/2-1/2

[Event "Olimpiade 2014 - Open"]
[Site "Tromsø"]
[Date "03.08.2014"]
[Round "2.29"]
[Board "2"]
[White "Rasmussen, Allan Stig"]
[Black "Filippov, Anton UZB"]
[Result "0-1"]
[WhiteTitle "GM"]
[BlackTitle "GM"]
[WhiteElo "2522"]
[BlackElo "2615"]
[WhiteTeam "Denmark"]
[BlackTeam "Uzbekistan"]
[WhiteFideId "1406000"]
[BlackFideId "14200988"]
[EventDate "2014.08.02"]

1. Nf3 d5 2. c4 e6 3. g3 dxc4 4. Qa4+ Nd7 5. Bg2 a6 6. Qxc4 b5 7. Qb3 Bb7 8. O-O
Ngf6 9. Nc3 c5 10. d3 Be7 11. a4 b4 12. Nb1 a5 13. Qc2 O-O 14. Nbd2 Qb6 15. b3
Nd5 16. Bb2 Bf6 17. Nc4 Qc7 18. d4 Nc3 19. Bxc3 bxc3 20. e3 cxd4 21. exd4 e5 22.
dxe5 Nxe5 23. Nfxe5 Bxg2 24. Kxg2 Bxe5 25. Nxe5 Qxe5 26. f4 Qd5+ 27. Rf3 Rac8
28. Rd1 Qb7 29. Rd3 Qe4 30. Kh3 Rfe8 31. Rf2 Rc6 32. Rdf3 Qd5 33. g4 h5 34. g5
Qd4 35. Kg2 g6 36. h3 Re3 37. f5 Qd5 38. fxg6 Qxg5+ 39. Kf1 Rxf3 40. Rxf3 Qxg6
41. Rf2 Qxc2 42. Rxc2 Kf8 43. Ke2 Ke7 44. Kd3 Kd6 45. Kd4 h4 46. Rxc3 Rxc3 47.
Kxc3 Kc5 48. b4+ axb4+ 49. Kb3 f5 50. a5 f4 0-1

[Event "Olimpiade 2014 - Open"]
[Site "Tromsø"]
[Date "03.08.2014"]
[Round "2.30"]
[Board "1"]
[White "Ragger, Markus"]
[Black "Markos, Jan"]
[Result "1-0"]
[WhiteTitle "GM"]
[BlackTitle "GM"]
[WhiteElo "2644"]
[BlackElo "2602"]
[WhiteTeam "Austria"]
[BlackTeam "Slovakia"]
[WhiteFideId "1610856"]
[BlackFideId "14903474"]
[EventDate "2014.08.02"]

1. d4 Nf6 2. c4 e6 3. Nf3 Bb4+ 4. Nbd2 b6 5. a3 Bxd2+ 6. Qxd2 Bb7 7. e3 O-O 8.
Be2 d6 9. O-O a5 10. b3 Nbd7 11. Bb2 Qb8 12. Rad1 Re8 13. Qc3 Ba6 14. Nd2 d5 15.
Rfe1 b5 16. Ba1 b4 17. axb4 axb4 18. Qc2 Bb7 19. Bb2 Nf8 20. Ra1 Ng6 21. cxd5
Bxd5 22. e4 Rxa1 23. Rxa1 Ba8 24. f3 Nh5 25. Qc5 Nhf4 26. Bf1 f5 27. g3 Nh5 28.
exf5 exf5 29. Qxf5 Nf6 30. Qb5 Qd8 31. Qxb4 Nd5 32. Qb5 Kh8 33. Ne4 Rf8 34. Qd3
Nb4 35. Qc3 Nd5 36. Qd3 Nb4 37. Qd1 Ne7 38. Ba3 Ned5 39. Qd2 Rxf3 40. Ng5 Rf5
41. Ne6 Qb8 42. Bxb4 Nxb4 43. Qxb4 1-0

[Event "Olimpiade 2014 - Open"]
[Site "Tromsø"]
[Date "03.08.2014"]
[Round "2.30"]
[Board "2"]
[White "Ftacnik, Lubomir"]
[Black "Shengelia, David"]
[Result "1/2-1/2"]
[WhiteTitle "GM"]
[BlackTitle "GM"]
[WhiteElo "2571"]
[BlackElo "2556"]
[WhiteTeam "Slovakia"]
[BlackTeam "Austria"]
[WhiteFideId "14900017"]
[BlackFideId "13601270"]
[EventDate "2014.08.02"]

1. d4 Nf6 2. Nf3 d5 3. c4 e6 4. Nc3 Bb4 5. Qb3 c5 6. dxc5 Qa5 7. Bd2 dxc4 8.
Qxc4 Qxc5 9. Qxc5 Bxc5 10. Rc1 Nc6 11. e3 Be7 12. Bb5 Bd7 13. O-O O-O 14. Rfd1
Rfd8 15. e4 Nb4 16. Be2 Bc6 17. Ne5 Be8 18. Be3 Rxd1+ 19. Bxd1 Nc6 20. Nxc6 Bxc6
21. f3 a6 22. Ne2 Rc8 23. Kf2 Kf8 24. Nd4 Bd7 25. Rxc8+ Bxc8 26. Nb3 Bd6 27. Bc5
Bxc5+ 28. Nxc5 e5 29. Bb3 Ke7 30. Nd3 Nd7 31. h4 f6 32. Ke3 Kd6 1/2-1/2

[Event "Olimpiade 2014 - Open"]
[Site "Tromsø"]
[Date "03.08.2014"]
[Round "2.30"]
[Board "3"]
[White "Kreisl, Robert"]
[Black "Michalik, Peter"]
[Result "0-1"]
[WhiteTitle "IM"]
[BlackTitle "GM"]
[WhiteElo "2432"]
[BlackElo "2586"]
[WhiteTeam "Austria"]
[BlackTeam "Slovakia"]
[WhiteFideId "1613880"]
[BlackFideId "14907526"]
[EventDate "2014.08.02"]

1. Nf3 Nf6 2. c4 e6 3. d4 d5 4. Nc3 Bb4 5. Bg5 Nbd7 6. cxd5 exd5 7. e3 c5 8.
dxc5 Qa5 9. Rc1 Bxc3+ 10. bxc3 O-O 11. Be2 Ne4 12. Bf4 Ndxc5 13. Be5 Qxa2 14.
O-O Be6 15. Nd4 Qd2 16. c4 dxc4 17. Nxe6 Nxe6 18. Bxc4 Qxd1 19. Rfxd1 Rac8 20.
f3 Nf6 21. Be2 Rfd8 22. Rxd8+ Rxd8 23. Rb1 Nd7 24. Bc3 Ndc5 25. Bc4 b6 26. Ra1
Rd7 27. e4 h5 28. Kf2 Rc7 29. Bxe6 Nxe6 30. Be5 Rc5 31. Bb8 a5 32. Rb1 b5 33.
Bd6 Rc6 34. e5 Nd4 35. Ke3 Nc2+ 36. Kd3 b4 37. Rb2 Rc3+ 38. Ke4 b3 39. f4 a4 40.
f5 a3 41. Bxa3 Nxa3 42. Kd4 Nb5+ 0-1

[Event "Olimpiade 2014 - Open"]
[Site "Tromsø"]
[Date "03.08.2014"]
[Round "2.30"]
[Board "4"]
[White "Petrik, Tomas"]
[Black "Schreiner, Peter"]
[Result "1-0"]
[WhiteTitle "GM"]
[BlackTitle "IM"]
[WhiteElo "2487"]
[BlackElo "2460"]
[WhiteTeam "Slovakia"]
[BlackTeam "Austria"]
[WhiteFideId "14901625"]
[BlackFideId "1621645"]
[EventDate "2014.08.02"]

1. d4 Nf6 2. c4 g6 3. g3 d5 4. cxd5 Nxd5 5. Bg2 Bg7 6. Nf3 Nb6 7. Nc3 Nc6 8. e3
O-O 9. O-O Re8 10. a3 h6 11. Re1 a5 12. Qe2 Be6 13. Ne4 Bc4 14. Qc2 e5 15. Nxe5
Nxe5 16. dxe5 Rxe5 17. Nc3 Bd3 18. Qd1 c6 19. e4 Re7 20. h4 Nc4 21. Nd5 cxd5 22.
Qxd3 Ne5 23. Qb5 d4 24. Bf4 Qe8 25. Qb3 a4 26. Qd1 Nc4 27. Qe2 b5 28. Rad1 Rd8
29. Rd3 Kh7 30. b3 Nxa3 31. bxa4 b4 32. Qd1 Ra7 33. e5 Qxa4 34. Qg4 Qb5 35. Be4
Kg8 36. h5 Qd7 37. Qxd7 Raxd7 38. hxg6 fxg6 39. Bxg6 Nb5 40. e6 Re7 41. Bf7+
Rxf7 42. exf7+ Kxf7 43. Ra1 Rd7 44. Ra6 Nc3 45. Rb6 Bf8 46. Kg2 Nd5 47. Rb5 Nc3
48. Rb6 Nd5 49. Rb8 Bg7 50. Bd2 Ke6 51. Bxb4 Nxb4 52. Rxb4 Kd5 53. Kf3 h5 54.
Ke2 Re7+ 55. Kd2 Rf7 56. f3 h4 57. gxh4 Bh6+ 58. Ke2 Be3 59. Rxe3 dxe3 60. Re4 1-0

[Event "Olimpiade 2014 - Open"]
[Site "Tromsø"]
[Date "03.08.2014"]
[Round "2.31"]
[Board "1"]
[White "Sadorra, Julio Catalino"]
[Black "Predojevic, Borki"]
[Result "1/2-1/2"]
[WhiteTitle "GM"]
[BlackTitle "GM"]
[WhiteElo "2590"]
[BlackElo "2604"]
[WhiteTeam "Philippines"]
[BlackTeam "Bosnia & Herzegovina"]
[WhiteFideId "5201268"]
[BlackFideId "930849"]
[EventDate "2014.08.02"]

1. d4 d5 2. c4 e6 3. Nc3 a6 4. cxd5 exd5 5. Nf3 c6 6. e4 dxe4 7. Nxe4 Nf6 8. Nc3
Be7 9. Bc4 O-O 10. O-O Bg4 11. Re1 Nbd7 12. h3 Bh5 13. g4 Bg6 14. Ne5 Nb6 15.
Bb3 Nfd5 16. f4 f5 17. Nxg6 hxg6 18. Re6 Bf6 19. g5 Qd7 20. Re2 Bd8 21. h4 Bc7
22. Bd2 Rae8 23. Rh2 Kf7 24. Qf3 Ke7 25. Rc1 Kd8 26. Nxd5 Nxd5 27. Bxd5 Qxd5 28.
Qxd5+ cxd5 29. Rc5 Re4 30. Rxd5+ Kc8 31. h5 gxh5 32. Rxh5 Bxf4 33. Bxf4 Rxf4 34.
Rh2 Rg4+ 35. Rg2 Rxg2+ 36. Kxg2 Kc7 37. Kf3 g6 38. Re5 Kd6 39. Re2 Rh8 40. d5
Kxd5 41. Re7 Rh3+ 42. Kf4 Rh4+ 43. Kf3 Rb4 44. Rd7+ Kc5 45. Rc7+ Kd4 46. Rd7+
Ke5 47. Re7+ Kd5 48. Rd7+ Ke6 49. Rg7 Rxb2 50. Rxg6+ Ke5 51. Rg7 f4 1/2-1/2

[Event "Olimpiade 2014 - Open"]
[Site "Tromsø"]
[Date "03.08.2014"]
[Round "2.31"]
[Board "2"]
[White "Stojanovic, Dalibor"]
[Black "Gomez, John Paul"]
[Result "1-0"]
[WhiteTitle "GM"]
[BlackTitle "GM"]
[WhiteElo "2503"]
[BlackElo "2526"]
[WhiteTeam "Bosnia & Herzegovina"]
[BlackTeam "Philippines"]
[WhiteFideId "922692"]
[BlackFideId "5201381"]
[EventDate "2014.08.02"]

1. e4 c5 2. Nf3 g6 3. d4 cxd4 4. Qxd4 Nf6 5. Nc3 Nc6 6. Qa4 d6 7. e5 dxe5 8.
Nxe5 Qd4 9. Nxc6 Qxa4 10. Nxa4 bxc6 11. Bd2 Bg7 12. Be2 O-O 13. O-O-O Rb8 14.
Bf3 Be6 15. b3 Bd5 16. Rhe1 Rfe8 17. c4 Bxf3 18. gxf3 Nd7 19. Bc3 Rb7 20. Kc2
Bxc3 21. Kxc3 a5 22. Rd2 Kf8 23. Red1 Nf6 24. Nc5 Rc7 25. Nd7+ Kg7 26. Nxf6 exf6
27. Rd7 Rxd7 28. Rxd7 Re2 29. Rd2 Re5 30. b4 a4 31. Rb2 Rf5 32. Kd4 Rxf3 33. b5
a3 34. Re2 Rf4+ 35. Kc5 cxb5 36. cxb5 Rf3 37. Rc2 1-0

[Event "Olimpiade 2014 - Open"]
[Site "Tromsø"]
[Date "03.08.2014"]
[Round "2.31"]
[Board "3"]
[White "Torre, Eugenio"]
[Black "Kadric, Denis"]
[Result "1/2-1/2"]
[WhiteTitle "GM"]
[BlackTitle "IM"]
[WhiteElo "2438"]
[BlackElo "2473"]
[WhiteTeam "Philippines"]
[BlackTeam "Bosnia & Herzegovina"]
[WhiteFideId "5200016"]
[BlackFideId "14403803"]
[EventDate "2014.08.02"]

1. d4 d6 2. e4 Nf6 3. Nd2 e5 4. c3 exd4 5. cxd4 g6 6. Ngf3 Bg7 7. Bd3 O-O 8. O-O
Nc6 9. a3 a5 10. d5 Ne7 11. Nc4 Bg4 12. h3 Bxf3 13. Qxf3 Nd7 14. Bg5 Nc5 15. Bc2
a4 16. Bf6 Re8 17. Rad1 Bxf6 18. Qxf6 Nc8 19. Qd4 Nb6 20. Nxb6 cxb6 21. f4 f6
22. Rfe1 Qe7 23. Re3 Qg7 24. Rde1 Ra5 25. R1e2 b5 26. e5 fxe5 27. fxe5 b6 28.
Qf4 Rxe5 29. Rxe5 dxe5 30. Rxe5 Ra8 31. d6 Qf8 32. Qg3 Qf6 33. Be4 Rd8 34. Bc6
Qxd6 35. Bxb5 Kg7 36. Qe3 Qd4 37. Re7+ Kf6 38. Qxd4+ Rxd4 39. Rxh7 Rd2 40. Ra7
Rxb2 41. Be8 Ra2 42. Rf7+ Ke5 43. Rf3 g5 44. Re3+ Kd4 45. Rg3 Ne4 1/2-1/2

[Event "Olimpiade 2014 - Open"]
[Site "Tromsø"]
[Date "03.08.2014"]
[Round "2.31"]
[Board "4"]
[White "Marjanovic, Dejan"]
[Black "Bersamina, Paulo"]
[Result "0-1"]
[WhiteTitle "FM"]
[BlackTitle "FM"]
[WhiteElo "2373"]
[BlackElo "2363"]
[WhiteTeam "Bosnia & Herzegovina"]
[BlackTeam "Philippines"]
[WhiteFideId "14402661"]
[BlackFideId "5206995"]
[EventDate "2014.08.02"]

1. d4 Nf6 2. Nf3 g6 3. Bf4 Bg7 4. e3 d6 5. h3 O-O 6. Be2 Nc6 7. O-O Nd7 8. Bh2
e5 9. c3 Qe7 10. b4 a6 11. a4 f5 12. Na3 g5 13. b5 axb5 14. axb5 Nd8 15. dxe5
Nxe5 16. Nd4 f4 17. exf4 gxf4 18. Re1 Qg5 19. Kh1 Qh4 20. Nf3 Nxf3 21. Bc4+ Kh8
22. Qxf3 c6 23. Nc2 Rxa1 24. Rxa1 d5 25. Bd3 Ne6 26. bxc6 bxc6 27. Ra4 Nc5 28.
Ra8 Nxd3 29. Qxd3 Qxf2 30. Nd4 Bd7 31. Rxf8+ Bxf8 32. Bg1 Qe1 33. Nf3 Qe4 34.
Qd4+ Qxd4 35. Bxd4+ Bg7 36. Be5 c5 37. Bd6 Bxc3 38. Bxc5 Kg7 39. Bd6 Kf6 40.
Bxf4 Kf5 41. Bc1 Ke4 42. Ng5+ Kd3 43. Nxh7 d4 44. Ng5 Kc2 45. Bf4 Bc6 46. h4 d3
47. Nf3 Bxf3 48. gxf3 Bd2 49. Bc7 Bg5 50. Ba5 Bf6 0-1